Ancestral voices : an anthology of early science fiction /

Bibliographic Details
Main Author: Menville, Douglas Alver
Other Authors: Reginald, R.
Format: Book
Language:English
Published: New York : Arno Press, 1975
Series:Science-fiction.
Subjects:

MARC

Tag First Indicator Second Indicator Subfields
LEADER 00000pam a2200000 i 4500
001 in00000049708
005 20170130114306.0
008 740918c19751974nyua 00011 eng
010 |a  74016508  
020 |a 0405063059 
035 |a (OCoLC)01055437 
035 |9 AAF0249AM 
040 |a DLC  |c DLC  |d TXA  |d UtOrBLW 
049 |a TXAM [Also in] [Sp Coll]  |c 1 [1497151]  |a TXAS  |c 2 [1497152] 
050 0 0 |a PZ1.M4779  |b An  |a PS648.S3 
090 |a PS648.S3  |b A534 
082 0 |a 823/.0876 
100 1 |a Menville, Douglas Alver. 
245 1 0 |a Ancestral voices :  |b an anthology of early science fiction /  |c edited by Douglas Menville and R. Reginald. 
264 1 |a New York :  |b Arno Press,  |c 1975 
264 4 |c ©1974 
300 |a approximately 300 pages :  |b illustrations ;  |c 23 cm. 
336 |a text  |b txt  |2 rdacontent 
337 |a unmediated  |b n  |2 rdamedia 
338 |a volume  |b nc  |2 rdacarrier 
490 1 |a Science fiction 
505 0 |a Bangs, J. K. A glance ahead; being a Christmas tale of A.D. 3568.--Chambers, R. W. The third eye.--Cummins, H. O. The space annihilator.--Griffith, G. A corner in lightning.--Hyne, C. J. C. The lizard.--Lang, A. The romance of the first radical.--London, J. The red one.--Robertson, M. Beyond the spectrum.--Sullivan, J. F. Impossibility, a study of reason and science.--Waterloo, S. Love and a triangle. 
650 0 |a Science fiction, American. 
650 0 |a Science fiction, English. 
700 1 |a Reginald, R. 
830 0 |a Science-fiction. 
999 |a MARS 
999 f f |s 573a3cba-81ac-3a50-940a-c735f7498824  |i c0fb99ee-6f5c-3101-a399-a11471650632  |t 0 
952 f f |p ric  |a Texas A&M University  |b Rellis Campus  |c Joint Library Facility  |d Remote Storage  |t 0  |e PS648.S3 A534  |h Library of Congress classification  |i unmediated -- volume  |m A14804190040 
952 f f |p noncirc  |a Texas A&M University  |b College Station  |c Cushing Memorial Library & Archives  |d Cushing: Science Fiction (Does not check out)  |t 0  |e PZ1.M4779 An  |h Library of Congress classification  |i unmediated -- volume  |m A14800398997 
998 f f |a PZ1.M4779 An  |t 0  |l Cushing: Science Fiction (Does not check out) 
998 f f |a PS648.S3 A534  |t 0  |l Remote Storage